[Event "Sport Summer 2016"]
[Site "Paracin"]
[Date "2016.07.12"]
[Round "6.8"]
[White "Lajthajm, Borko"]
[Black "Sredojevic, Ivan"]
[Result "0-1"]
[BlackElo "2342"]
[WhiteElo "2433"]
[LiveChessVersion "1.4.8"]

1. d4 {[%clk 1:29:29]} Nf6 {[%clk 1:27:46]} 2. c4 {[%clk 1:29:50]} e6
{[%clk 1:27:55]} 3. Nf3 {[%clk 1:30:10]} b6 {[%clk 1:27:21]} 4. Bf4
{[%clk 1:30:11]} Bb7 {[%clk 1:27:44]} 5. e3 {[%clk 1:30:34]} Be7 {[%clk 1:24:11]}
6. Nc3 {[%clk 1:30:11]} O-O {[%clk 1:24:24]} 7. h3 {[%clk 1:29:23]} d5
{[%clk 1:24:10]} 8. cxd5 {[%clk 1:27:06]} Nxd5 {[%clk 1:24:02]} 9. Nxd5
{[%clk 1:27:30]} Bxd5 {[%clk 1:22:08]} 10. Bd3 {[%clk 1:27:06]} Bb4+
{[%clk 1:20:28]} 11. Ke2 {[%clk 1:26:38]} Bd6 {[%clk 1:18:56]} 12. Bxd6
{[%clk 1:26:09]} cxd6 {[%clk 1:12:43]} 13. Qc2 {[%clk 1:25:40]} h6
{[%clk 1:10:38]} 14. Rhc1 {[%clk 1:25:22]} Bb7 {[%clk 0:54:16]} 15. Qc7
{[%clk 1:24:50]} Ba6 {[%clk 0:54:04]} 16. a3 {[%clk 1:24:03]} Bxd3+
{[%clk 0:53:45]} 17. Kxd3 {[%clk 1:24:22]} e5 {[%clk 0:51:22]} 18. Rc3
{[%clk 1:17:20]} Qe8 {[%clk 0:44:43]} 19. dxe5 {[%clk 1:06:09]} Na6
{[%clk 0:41:57]} 20. Qc4 {[%clk 1:05:06]} Nc5+ {[%clk 0:41:56]} 21. Ke2
{[%clk 1:03:38]} d5 {[%clk 0:40:23]} 22. Qb4 {[%clk 0:41:30]} a5 {[%clk 0:40:43]}
23. Qxb6 {[%clk 0:41:44]} Na4 {[%clk 0:40:31]} 24. Qd4 {[%clk 0:41:27]} Nxc3+
{[%clk 0:38:27]} 25. Qxc3 {[%clk 0:41:40]} Qb5+ {[%clk 0:38:51]} 26. Ke1
{[%clk 0:41:46]} Rfc8 {[%clk 0:38:58]} 27. Qd2 {[%clk 0:41:43]} Rab8
{[%clk 0:38:38]} 28. b4 {[%clk 0:41:13]} axb4 {[%clk 0:38:37]} 29. axb4
{[%clk 0:41:32]} Qxb4 {[%clk 0:29:36]} 30. Rd1 {[%clk 0:41:36]} Rc3
{[%clk 0:28:10]} 31. Kf1 {[%clk 0:40:48]} Qc4+ {[%clk 0:28:36]} 32. Kg1
{[%clk 0:40:50]} Rc2 {[%clk 0:28:42]} 33. Qa5 {[%clk 0:36:14]} Ra2
{[%clk 0:25:37]} 34. Qe1 {[%clk 0:29:06]} Rbb2 {[%clk 0:23:46]} 35. Nd4
{[%clk 0:17:34]} Qc7 {[%clk 0:19:43]} 36. Nf3 {[%clk 0:17:55]} Qc2
{[%clk 0:19:25]} 37. Rd2 {[%clk 0:16:57]} Qc3 {[%clk 0:18:53]} 38. Rxb2
{[%clk 0:14:44]} Qxb2 {[%clk 0:19:21]} 39. Kh2 {[%clk 0:15:00]} Qxf2
{[%clk 0:19:19]} 40. Qxf2 {[%clk 0:15:25]} Rxf2 {[%clk 0:19:43]} 41. Nd4
{[%clk 0:15:51]} Kf8 {[%clk 0:19:09]} 42. Kg3 {[%clk 0:15:14]} Rf1
{[%clk 0:19:33]} 43. h4 {[%clk 0:14:21]} Ke7 {[%clk 0:19:14]} 44. h5
{[%clk 0:11:44]} g6 {[%clk 0:18:46]} 45. Kg4 {[%clk 0:10:29]} Rg1
{[%clk 0:18:01]} 46. g3 {[%clk 0:09:06]} Rf1 {[%clk 0:15:30]} 47. hxg6
{[%clk 0:04:40]} fxg6 {[%clk 0:15:51]} 48. e6 {[%clk 0:01:42]} Kf6
{[%clk 0:16:12]} 49. Kh3 {[%clk 0:01:44]} Re1 {[%clk 0:16:14]} 50. Nb5
{[%clk 0:00:57]} Kxe6 {[%clk 0:16:24]} 51. Nd4+ {[%clk 0:00:50]} Kf6
{[%clk 0:16:44]} 52. Nc2 {[%clk 0:01:15]} Re2 {[%clk 0:16:49]} 53. Nb4
{[%clk 0:01:41]} Ke6 {[%clk 0:16:12]} 54. Nd3 {[%clk 0:01:35]} g5
{[%clk 0:16:32]} 55. Nc5+ {[%clk 0:01:30]} Kf5 {[%clk 0:16:35]} 56. g4+
{[%clk 0:01:14]} Kg6 {[%clk 0:16:57]} 57. e4 {[%clk 0:01:15]} Rc2
{[%clk 0:14:16]} 0-1

[Event "Sport Summer 2016"]
[Site "Paracin"]
[Date "2016.07.12"]
[Round "6.9"]
[White "Cabarkapa, Novak"]
[Black "Ardeleanu, Alin"]
[Result "1-0"]
[BlackElo "2338"]
[WhiteElo "2424"]
[LiveChessVersion "1.4.8"]

1. e4 {[%clk 1:30:56]} c5 {[%clk 1:30:24]} 2. Nc3 {[%clk 1:31:20]} d6
{[%clk 1:30:10]} 3. Nge2 {[%clk 1:31:27]} Nf6 {[%clk 1:30:12]} 4. g3
{[%clk 1:31:37]} g6 {[%clk 1:29:20]} 5. Bg2 {[%clk 1:31:55]} Nc6 {[%clk 1:29:29]}
6. O-O {[%clk 1:31:49]} Bg7 {[%clk 1:29:48]} 7. d3 {[%clk 1:32:11]} O-O
{[%clk 1:29:17]} 8. f4 {[%clk 1:32:31]} Bg4 {[%clk 1:25:03]} 9. h3
{[%clk 1:31:21]} Bxe2 {[%clk 1:25:21]} 10. Nxe2 {[%clk 1:31:40]} Nd7
{[%clk 1:25:25]} 11. g4 {[%clk 1:30:10]} b5 {[%clk 1:23:32]} 12. g5
{[%clk 1:23:47]} Nd4 {[%clk 1:18:24]} 13. Ng3 {[%clk 1:23:14]} b4
{[%clk 1:18:47]} 14. h4 {[%clk 1:22:53]} a5 {[%clk 1:18:29]} 15. h5
{[%clk 1:20:25]} a4 {[%clk 1:15:10]} 16. Rb1 {[%clk 1:15:04]} a3 {[%clk 1:10:04]}
17. b3 {[%clk 1:14:18]} Nb5 {[%clk 1:05:21]} 18. Bd2 {[%clk 1:14:29]} Nc3
{[%clk 1:01:50]} 19. Bxc3 {[%clk 1:14:54]} Bxc3 {[%clk 1:02:08]} 20. e5
{[%clk 1:15:13]} Bd4+ {[%clk 0:53:49]} 21. Kh2 {[%clk 1:14:01]} Ra6
{[%clk 0:49:18]} 22. e6 {[%clk 1:05:13]} fxe6 {[%clk 0:48:22]} 23. Qg4
{[%clk 1:04:55]} Rf7 {[%clk 0:17:32]} 24. Qxe6 {[%clk 1:02:51]} Nf8
{[%clk 0:17:38]} 25. Qc4 {[%clk 1:03:10]} Ra7 {[%clk 0:09:54]} 26. hxg6
{[%clk 0:50:34]} hxg6 {[%clk 0:10:15]} 27. Bd5 {[%clk 0:50:59]} e6
{[%clk 0:10:16]} 28. Bxe6 {[%clk 0:51:24]} Nxe6 {[%clk 0:09:37]} 29. Qxe6
{[%clk 0:51:50]} Kg7 {[%clk 0:08:32]} 30. Rbe1 {[%clk 0:47:21]} Rae7
{[%clk 0:06:15]} 31. Qg4 {[%clk 0:47:23]} Rxe1 {[%clk 0:05:40]} 32. Rxe1
{[%clk 0:47:44]} Bf2 {[%clk 0:02:29]} 33. Re6 {[%clk 0:46:52]} Bxg3+
{[%clk 0:00:55]} 34. Kxg3 {[%clk 0:47:01]} Qa8 {[%clk 0:00:34]} 35. Qh3
{[%clk 0:46:39]} Kg8 {[%clk 0:00:38]} 36. Rxg6+ {[%clk 0:47:02]} 1-0

[Event "Sport Summer 2016"]
[Site "Paracin"]
[Date "2016.07.12"]
[Round "6.10"]
[White "Ratkovic, Miloje"]
[Black "Ivic, Velimir"]
[Result "1-0"]
[BlackElo "2315"]
[WhiteElo "2404"]
[LiveChessVersion "1.4.8"]

1. d4 {[%clk 1:29:23]} Nf6 {[%clk 1:30:54]} 2. Bg5 {[%clk 1:28:00]} Ne4
{[%clk 1:30:20]} 3. h4 {[%clk 1:27:55]} d5 {[%clk 1:29:13]} 4. Nd2
{[%clk 1:27:54]} Nxg5 {[%clk 1:25:48]} 5. hxg5 {[%clk 1:28:15]} c5
{[%clk 1:23:48]} 6. e3 {[%clk 1:25:25]} Nc6 {[%clk 1:21:26]} 7. Ngf3
{[%clk 1:22:15]} g6 {[%clk 1:17:42]} 8. c3 {[%clk 1:21:59]} Bg7 {[%clk 1:16:52]}
9. dxc5 {[%clk 1:21:23]} Bg4 {[%clk 0:57:51]} 10. Qa4 {[%clk 1:19:05]} Bd7
{[%clk 0:54:03]} 11. Bb5 {[%clk 1:13:21]} a6 {[%clk 0:34:18]} 12. Bxc6
{[%clk 1:13:22]} Bxc6 {[%clk 0:34:33]} 13. Qf4 {[%clk 1:12:12]} Qb8
{[%clk 0:28:34]} 14. Qxb8+ {[%clk 1:11:28]} Rxb8 {[%clk 0:28:59]} 15. O-O-O
{[%clk 1:10:41]} O-O {[%clk 0:26:43]} 16. Nb3 {[%clk 1:07:06]} b6
{[%clk 0:22:38]} 17. Rh4 {[%clk 1:05:43]} Rfc8 {[%clk 0:14:52]} 18. Rb4
{[%clk 0:59:49]} b5 {[%clk 0:13:23]} 19. Rh4 {[%clk 0:53:48]} Ra8
{[%clk 0:09:25]} 20. Na5 {[%clk 0:48:40]} Bd7 {[%clk 0:08:04]} 21. c6
{[%clk 0:46:26]} Bxc6 {[%clk 0:08:19]} 22. Nxc6 {[%clk 0:46:47]} Rxc6
{[%clk 0:08:48]} 23. Rxd5 {[%clk 0:46:35]} e6 {[%clk 0:08:46]} 24. Rd7
{[%clk 0:46:54]} a5 {[%clk 0:08:40]} 25. a3 {[%clk 0:44:49]} Rb8 {[%clk 0:05:43]}
26. Kb1 {[%clk 0:44:14]} Rbc8 {[%clk 0:03:31]} 27. Nd2 {[%clk 0:40:32]} R6c7
{[%clk 0:02:06]} 28. Rxc7 {[%clk 0:39:43]} Rxc7 {[%clk 0:02:34]} 29. Nb3
{[%clk 0:38:42]} Ra7 {[%clk 0:02:57]} 30. a4 {[%clk 0:38:58]} Rb7
{[%clk 0:03:10]} 31. Nxa5 {[%clk 0:35:30]} Ra7 {[%clk 0:03:27]} 32. Nc6
{[%clk 0:31:35]} Rxa4 {[%clk 0:03:48]} 33. Rxa4 {[%clk 0:31:55]} bxa4
{[%clk 0:04:16]} 34. Kc2 {[%clk 0:32:00]} 1-0

[Event "Sport Summer 2016"]
[Site "Paracin"]
[Date "2016.07.12"]
[Round "6.11"]
[White "Burcu, Cagatay"]
[Black "Marjanovic, Dejan"]
[Result "0-1"]
[BlackElo "2392"]
[WhiteElo "2260"]
[LiveChessVersion "1.4.8"]

1. d4 {[%clk 1:30:54]} e6 {[%clk 1:30:37]} 2. g3 {[%clk 1:29:23]} Nf6
{[%clk 1:29:12]} 3. Bg2 {[%clk 1:27:13]} d5 {[%clk 1:27:35]} 4. c4
{[%clk 1:27:28]} Bb4+ {[%clk 1:26:31]} 5. Bd2 {[%clk 1:27:34]} Be7
{[%clk 1:23:25]} 6. Nf3 {[%clk 1:27:37]} O-O {[%clk 1:23:35]} 7. O-O
{[%clk 1:27:36]} c6 {[%clk 1:22:29]} 8. Bf4 {[%clk 1:24:40]} Nbd7
{[%clk 1:21:43]} 9. Qc2 {[%clk 1:12:02]} a5 {[%clk 1:21:11]} 10. Rd1
{[%clk 1:05:41]} h6 {[%clk 1:21:00]} 11. Nc3 {[%clk 1:03:47]} dxc4
{[%clk 1:20:52]} 12. Ne5 {[%clk 1:02:12]} Nd5 {[%clk 1:20:52]} 13. Nxc4
{[%clk 1:01:36]} Nxf4 {[%clk 1:20:45]} 14. gxf4 {[%clk 1:02:01]} Nb6
{[%clk 1:20:59]} 15. Ne5 {[%clk 1:00:47]} Nd5 {[%clk 1:18:21]} 16. e3
{[%clk 0:59:04]} Bd7 {[%clk 1:12:11]} 17. Na4 {[%clk 0:56:40]} Be8
{[%clk 1:07:25]} 18. Bh3 {[%clk 0:50:08]} Kh8 {[%clk 0:56:45]} 19. a3
{[%clk 0:48:07]} f6 {[%clk 0:48:55]} 20. Ng6+ {[%clk 0:46:38]} Bxg6
{[%clk 0:48:59]} 21. Qxg6 {[%clk 0:47:01]} f5 {[%clk 0:48:11]} 22. Rac1
{[%clk 0:43:31]} Rf6 {[%clk 0:46:10]} 23. Qg3 {[%clk 0:42:53]} Bd6
{[%clk 0:44:09]} 24. Nc5 {[%clk 0:40:16]} Qe7 {[%clk 0:42:11]} 25. Kh1
{[%clk 0:35:49]} Qf7 {[%clk 0:31:25]} 26. Nd3 {[%clk 0:30:33]} g5
{[%clk 0:27:38]} 27. Ne5 {[%clk 0:29:21]} Bxe5 {[%clk 0:27:26]} 28. fxe5
{[%clk 0:29:25]} Rg6 {[%clk 0:27:09]} 29. e4 {[%clk 0:24:44]} fxe4
{[%clk 0:25:37]} 30. Bg2 {[%clk 0:24:59]} Nf4 {[%clk 0:25:37]} 31. Bxe4
{[%clk 0:24:34]} Rg7 {[%clk 0:24:51]} 32. Qe3 {[%clk 0:23:09]} Rf8
{[%clk 0:23:55]} 33. Rc2 {[%clk 0:23:06]} Qh5 {[%clk 0:20:28]} 34. Rf1
{[%clk 0:19:44]} g4 {[%clk 0:17:31]} 35. b4 {[%clk 0:18:39]} axb4
{[%clk 0:17:32]} 36. axb4 {[%clk 0:19:04]} Nh3 {[%clk 0:15:11]} 37. Bg2
{[%clk 0:17:33]} Ng5 {[%clk 0:11:57]} 38. Qg3 {[%clk 0:17:31]} Nf3
{[%clk 0:07:26]} 39. Rd1 {[%clk 0:17:13]} Qf5 {[%clk 0:07:39]} 40. Rb2
{[%clk 0:15:10]} h5 {[%clk 0:07:44]} 41. Bf1 {[%clk 0:13:58]} h4 {[%clk 0:07:30]}
42. Qg2 {[%clk 0:14:24]} Qe4 {[%clk 0:06:19]} 43. Re2 {[%clk 0:12:08]} Qd5
{[%clk 0:06:32]} 44. Re3 {[%clk 0:12:02]} Kg8 {[%clk 0:05:57]} 45. Bd3
{[%clk 0:11:39]} h3 {[%clk 0:06:02]} 46. Qg3 {[%clk 0:12:03]} Ng5+
{[%clk 0:04:58]} 47. Kg1 {[%clk 0:11:52]} Rf3 {[%clk 0:05:07]} 48. Rxf3
{[%clk 0:12:12]} Nxf3+ {[%clk 0:04:30]} 49. Kf1 {[%clk 0:12:14]} Kf8
{[%clk 0:04:52]} 50. Qf4+ {[%clk 0:11:48]} Rf7 {[%clk 0:04:34]} 51. Qg3
{[%clk 0:07:10]} Qxd4 {[%clk 0:04:04]} 52. Be2 {[%clk 0:07:22]} Qxe5
{[%clk 0:03:01]} 53. Qxe5 {[%clk 0:07:17]} Nxe5 {[%clk 0:03:30]} 54. Rd4
{[%clk 0:07:09]} Rg7 {[%clk 0:03:31]} 55. Re4 {[%clk 0:06:59]} Rg5
{[%clk 0:03:40]} 56. b5 {[%clk 0:06:56]} cxb5 {[%clk 0:02:31]} 57. Bxb5
{[%clk 0:06:22]} Nf3 {[%clk 0:02:30]} 58. Rf4+ {[%clk 0:04:45]} Rf5
{[%clk 0:02:19]} 59. Rb4 {[%clk 0:04:59]} Nxh2+ {[%clk 0:02:35]} 60. Ke2
{[%clk 0:04:59]} Nf3 {[%clk 0:02:53]} 0-1

[Event "Sport Summer 2016"]
[Site "Paracin"]
[Date "2016.07.12"]
[Round "6.12"]
[White "Nestorovic, Dejan"]
[Black "Stefanov, Emil"]
[Result "1-0"]
[BlackElo "2215"]
[WhiteElo "2387"]
[LiveChessVersion "1.4.8"]

1. d4 {[%clk 1:30:58]} Nf6 {[%clk 1:30:29]} 2. c4 {[%clk 1:31:18]} c5
{[%clk 1:30:45]} 3. d5 {[%clk 1:31:39]} e6 {[%clk 1:30:40]} 4. Nc3
{[%clk 1:31:57]} exd5 {[%clk 1:31:03]} 5. cxd5 {[%clk 1:32:17]} d6
{[%clk 1:31:09]} 6. Nf3 {[%clk 1:32:39]} a6 {[%clk 1:31:04]} 7. a4
{[%clk 1:33:01]} g6 {[%clk 1:31:29]} 8. Nd2 {[%clk 1:33:22]} Bg7 {[%clk 1:31:18]}
9. e4 {[%clk 1:33:44]} O-O {[%clk 1:31:13]} 10. Be2 {[%clk 1:34:08]} Re8
{[%clk 1:31:36]} 11. O-O {[%clk 1:34:29]} Nbd7 {[%clk 1:32:01]} 12. h3
{[%clk 1:34:51]} Rb8 {[%clk 1:20:49]} 13. Qc2 {[%clk 1:34:12]} Nh5
{[%clk 1:11:59]} 14. Bxh5 {[%clk 1:34:21]} gxh5 {[%clk 1:12:28]} 15. a5
{[%clk 1:30:30]} Qf6 {[%clk 1:02:15]} 16. Ra3 {[%clk 1:24:31]} b5
{[%clk 0:59:57]} 17. axb6 {[%clk 1:24:51]} Rxb6 {[%clk 1:00:13]} 18. Nd1
{[%clk 1:18:54]} Rb4 {[%clk 0:55:04]} 19. Rf3 {[%clk 0:55:46]} Qh4
{[%clk 0:53:06]} 20. b3 {[%clk 0:52:33]} Nf6 {[%clk 0:44:06]} 21. Bb2
{[%clk 0:46:02]} Nxe4 {[%clk 0:38:30]} 22. Nxe4 {[%clk 0:42:17]} Rbxe4
{[%clk 0:38:55]} 23. Rg3 {[%clk 0:38:39]} f6 {[%clk 0:38:16]} 24. Ne3
{[%clk 0:37:31]} Qf4 {[%clk 0:37:01]} 25. Nc4 {[%clk 0:33:44]} Re2
{[%clk 0:26:48]} 26. Qc3 {[%clk 0:31:45]} h4 {[%clk 0:17:35]} 27. Rf3
{[%clk 0:29:38]} Qd4 {[%clk 0:18:00]} 28. Qxd4 {[%clk 0:25:25]} cxd4
{[%clk 0:18:19]} 29. Bxd4 {[%clk 0:25:06]} Bb7 {[%clk 0:14:55]} 30. Nxd6
{[%clk 0:19:23]} Bxd5 {[%clk 0:14:53]} 31. Nxe8 {[%clk 0:18:57]} Bxf3
{[%clk 0:15:18]} 32. Nxg7 {[%clk 0:19:12]} 1-0

[Event "Sport Summer 2016"]
[Site "Paracin"]
[Date "2016.07.12"]
[Round "6.13"]
[White "Becker, Marcel"]
[Black "Agdelen, Huseyin Can"]
[Result "1-0"]
[BlackElo "2061"]
[WhiteElo "2380"]
[LiveChessVersion "1.4.8"]

1. d4 {[%clk 1:30:58]} Nf6 {[%clk 1:30:54]} 2. c4 {[%clk 1:31:21]} g6
{[%clk 1:31:16]} 3. Nc3 {[%clk 1:31:45]} d5 {[%clk 1:31:38]} 4. Bg5
{[%clk 1:32:06]} Ne4 {[%clk 1:31:14]} 5. Bh4 {[%clk 1:32:27]} Nxc3
{[%clk 1:31:01]} 6. bxc3 {[%clk 1:32:48]} dxc4 {[%clk 1:31:11]} 7. e3
{[%clk 1:33:07]} Be6 {[%clk 1:26:04]} 8. Be2 {[%clk 1:33:05]} c6 {[%clk 1:04:45]}
9. Nf3 {[%clk 1:27:59]} Bg7 {[%clk 1:04:21]} 10. Ng5 {[%clk 1:25:20]} Bd5
{[%clk 1:02:46]} 11. e4 {[%clk 1:25:26]} h6 {[%clk 1:03:05]} 12. exd5
{[%clk 1:25:49]} hxg5 {[%clk 1:03:29]} 13. dxc6 {[%clk 1:26:07]} Nxc6
{[%clk 1:02:39]} 14. Bxg5 {[%clk 1:21:43]} Qd5 {[%clk 1:01:59]} 15. h4
{[%clk 1:21:47]} Bh6 {[%clk 0:46:56]} 16. Bxh6 {[%clk 1:21:02]} Rxh6
{[%clk 0:47:23]} 17. Bf3 {[%clk 1:21:04]} Qa5 {[%clk 0:43:58]} 18. Qd2
{[%clk 1:09:17]} Rh8 {[%clk 0:40:41]} 19. Rb1 {[%clk 0:59:03]} Qc7
{[%clk 0:26:12]} 20. Qe2 {[%clk 0:52:04]} Nd8 {[%clk 0:24:08]} 21. g3
{[%clk 0:51:08]} Rc8 {[%clk 0:23:41]} 22. Rb5 {[%clk 0:48:21]} b6
{[%clk 0:23:42]} 23. O-O {[%clk 0:46:20]} Kf8 {[%clk 0:22:08]} 24. Re1
{[%clk 0:45:55]} e6 {[%clk 0:17:19]} 25. h5 {[%clk 0:42:21]} gxh5
{[%clk 0:17:15]} 26. Rxh5 {[%clk 0:41:59]} Rxh5 {[%clk 0:16:26]} 27. Bxh5
{[%clk 0:42:19]} Qd6 {[%clk 0:12:45]} 28. Qe3 {[%clk 0:41:12]} Ke8
{[%clk 0:12:22]} 29. Qg5 {[%clk 0:39:51]} Qe7 {[%clk 0:12:16]} 30. Qb5+
{[%clk 0:39:16]} Qd7 {[%clk 0:10:23]} 31. Qe5 {[%clk 0:39:21]} Qe7
{[%clk 0:09:37]} 32. d5 {[%clk 0:36:37]} Rc5 {[%clk 0:09:09]} 33. Qh8+
{[%clk 0:36:42]} Qf8 {[%clk 0:07:46]} 34. Qd4 {[%clk 0:37:01]} Qh6
{[%clk 0:04:52]} 35. Bxf7+ {[%clk 0:34:24]} Kxf7 {[%clk 0:03:37]} 36. dxe6+
{[%clk 0:34:45]} Kg6 {[%clk 0:02:54]} 37. e7 {[%clk 0:35:00]} 1-0

[Event "Sport Summer 2016"]
[Site "Paracin"]
[Date "2016.07.12"]
[Round "6.14"]
[White "Djordjevic, Vuk"]
[Black "Carnic, Srdjan"]
[Result "1-0"]
[BlackElo "2318"]
[WhiteElo "2415"]
[LiveChessVersion "1.4.8"]

1. e4 {[%clk 1:30:54]} e6 {[%clk 1:30:53]} 2. d4 {[%clk 1:31:16]} d5
{[%clk 1:31:17]} 3. Nc3 {[%clk 1:31:30]} Nf6 {[%clk 1:31:01]} 4. Bg5
{[%clk 1:31:43]} dxe4 {[%clk 1:30:01]} 5. Nxe4 {[%clk 1:32:06]} Be7
{[%clk 1:30:25]} 6. Bxf6 {[%clk 1:31:53]} gxf6 {[%clk 1:29:53]} 7. Nf3
{[%clk 1:31:50]} f5 {[%clk 1:29:04]} 8. Nc3 {[%clk 1:31:52]} a6 {[%clk 1:27:14]}
9. Qe2 {[%clk 1:30:50]} b5 {[%clk 1:26:03]} 10. O-O-O {[%clk 1:30:10]} b4
{[%clk 1:25:09]} 11. Na4 {[%clk 1:29:06]} Qd5 {[%clk 1:23:48]} 12. Qc4
{[%clk 1:28:54]} Bb7 {[%clk 1:20:08]} 13. Qxc7 {[%clk 0:54:52]} Bd6
{[%clk 1:07:59]} 14. Qc4 {[%clk 0:54:33]} Nd7 {[%clk 1:06:55]} 15. Qxd5
{[%clk 0:43:58]} Bxd5 {[%clk 1:07:19]} 16. c4 {[%clk 0:21:13]} Bc6
{[%clk 0:59:43]} 17. b3 {[%clk 0:21:03]} Bxa4 {[%clk 0:47:45]} 18. bxa4
{[%clk 0:20:25]} Nb6 {[%clk 0:47:52]} 19. a5 {[%clk 0:20:12]} Na4
{[%clk 0:47:03]} 20. Re1 {[%clk 0:15:34]} Nc3 {[%clk 0:43:35]} 21. Bd3
{[%clk 0:11:31]} O-O {[%clk 0:38:50]} 22. Kb2 {[%clk 0:11:11]} Bc7
{[%clk 0:38:55]} 23. Rhg1 {[%clk 0:10:55]} Bxa5 {[%clk 0:37:50]} 24. g4
{[%clk 0:10:22]} f4 {[%clk 0:37:58]} 25. Re5 {[%clk 0:10:24]} Bd8
{[%clk 0:37:28]} 26. Rh5 {[%clk 0:10:14]} Bf6 {[%clk 0:36:15]} 27. g5
{[%clk 0:09:53]} Be7 {[%clk 0:30:46]} 28. Rxh7 {[%clk 0:08:24]} Ra7
{[%clk 0:30:32]} 29. Rg4 {[%clk 0:06:58]} Rd8 {[%clk 0:29:57]} 30. Rgh4
{[%clk 0:06:56]} 1-0

[Event "Sport Summer 2016"]
[Site "Paracin"]
[Date "2016.07.12"]
[Round "6.15"]
[White "Todorovic, Nenad I"]
[Black "Obodchuk, Andrei"]
[Result "1/2-1/2"]
[BlackElo "2395"]
[WhiteElo "2306"]
[LiveChessVersion "1.4.8"]

1. e4 {[%clk 1:28:08]} c5 {[%clk 1:30:29]} 2. Nf3 {[%clk 1:28:17]} Nc6
{[%clk 1:30:48]} 3. d4 {[%clk 1:28:27]} cxd4 {[%clk 1:31:09]} 4. Nxd4
{[%clk 1:28:44]} e6 {[%clk 1:31:27]} 5. Nc3 {[%clk 1:28:50]} Qc7 {[%clk 1:31:11]}
6. Be2 {[%clk 1:27:06]} a6 {[%clk 1:31:20]} 7. O-O {[%clk 1:24:09]} Nf6
{[%clk 1:31:30]} 8. Be3 {[%clk 1:23:35]} Be7 {[%clk 1:30:59]} 9. f4
{[%clk 1:22:12]} d6 {[%clk 1:31:20]} 10. Kh1 {[%clk 1:20:24]} O-O
{[%clk 1:31:31]} 11. a4 {[%clk 1:19:40]} Nxd4 {[%clk 1:30:49]} 12. Qxd4
{[%clk 1:15:07]} Bd7 {[%clk 1:31:02]} 13. a5 {[%clk 0:52:56]} Bc6
{[%clk 1:29:34]} 14. Bf3 {[%clk 0:49:10]} Rac8 {[%clk 1:23:00]} 15. Qd2
{[%clk 0:36:43]} Qb8 {[%clk 1:14:29]} 16. Rfd1 {[%clk 0:34:14]} Rfe8
{[%clk 1:04:45]} 17. Qf2 {[%clk 0:22:42]} Bf8 {[%clk 1:02:15]} 18. Bd4
{[%clk 0:15:13]} Nd7 {[%clk 1:00:06]} 19. Be3 {[%clk 0:12:14]} Qc7
{[%clk 0:55:01]} 20. Rd2 {[%clk 0:11:10]} Rb8 {[%clk 0:54:10]} 21. Ba7
{[%clk 0:10:59]} Ra8 {[%clk 0:54:24]} 22. b4 {[%clk 0:09:48]} Nf6
{[%clk 0:42:11]} 23. Bd4 {[%clk 0:06:22]} Nd7 {[%clk 0:40:53]} 24. Be3
{[%clk 0:05:49]} Nf6 {[%clk 0:38:16]} 25. Bd4 {[%clk 0:05:46]} Nd7
{[%clk 0:38:37]} 1/2-1/2

[Event "Sport Summer 2016"]
[Site "Paracin"]
[Date "2016.07.12"]
[Round "6.16"]
[White "Nester, Ihor"]
[Black "Radovanovic, Nikola"]
[Result "1-0"]
[BlackElo "2392"]
[WhiteElo "2300"]
[LiveChessVersion "1.4.8"]

1. Nf3 {[%clk 1:28:58]} Nf6 {[%clk 1:30:52]} 2. c4 {[%clk 1:29:24]} g6
{[%clk 1:31:09]} 3. d4 {[%clk 1:29:30]} Bg7 {[%clk 1:31:16]} 4. g3
{[%clk 1:29:48]} O-O {[%clk 1:31:35]} 5. Bg2 {[%clk 1:30:12]} d6 {[%clk 1:31:32]}
6. O-O {[%clk 1:30:37]} Nc6 {[%clk 1:31:53]} 7. Nc3 {[%clk 1:30:58]} a6
{[%clk 1:32:09]} 8. Qd3 {[%clk 1:31:05]} Bf5 {[%clk 1:25:27]} 9. e4
{[%clk 1:30:44]} Bg4 {[%clk 1:25:46]} 10. d5 {[%clk 1:27:33]} Bxf3
{[%clk 1:24:36]} 11. Qxf3 {[%clk 1:27:20]} Nd4 {[%clk 1:23:42]} 12. Qd1
{[%clk 1:27:09]} c5 {[%clk 1:22:59]} 13. dxc6 {[%clk 1:10:40]} Nxc6
{[%clk 1:22:46]} 14. Be3 {[%clk 1:11:01]} Rc8 {[%clk 1:18:27]} 15. Rc1
{[%clk 0:54:23]} h5 {[%clk 0:59:18]} 16. h3 {[%clk 0:47:32]} Nd7 {[%clk 0:56:07]}
17. Qd2 {[%clk 0:45:02]} Qa5 {[%clk 0:46:56]} 18. Rfd1 {[%clk 0:40:13]} Rfd8
{[%clk 0:38:02]} 19. b3 {[%clk 0:36:34]} Kh7 {[%clk 0:27:24]} 20. Nd5
{[%clk 0:34:20]} Qxd2 {[%clk 0:25:17]} 21. Rxd2 {[%clk 0:34:43]} Bh6
{[%clk 0:22:17]} 22. f4 {[%clk 0:34:09]} h4 {[%clk 0:10:00]} 23. gxh4
{[%clk 0:26:06]} e6 {[%clk 0:08:38]} 24. Nc3 {[%clk 0:26:10]} Nf6
{[%clk 0:07:12]} 25. Re1 {[%clk 0:22:59]} Nh5 {[%clk 0:06:26]} 26. f5
{[%clk 0:20:53]} Bxe3+ {[%clk 0:05:03]} 27. Rxe3 {[%clk 0:21:22]} Ne5
{[%clk 0:05:09]} 28. fxe6 {[%clk 0:21:15]} fxe6 {[%clk 0:05:08]} 29. Ne2
{[%clk 0:21:28]} Kg7 {[%clk 0:04:30]} 30. Bf3 {[%clk 0:16:21]} Nf6
{[%clk 0:02:39]} 31. Kg2 {[%clk 0:15:31]} Kf7 {[%clk 0:02:47]} 32. Nf4
{[%clk 0:15:10]} Ke7 {[%clk 0:01:56]} 33. Bg4 {[%clk 0:13:50]} Nfxg4
{[%clk 0:00:59]} 34. hxg4 {[%clk 0:14:11]} g5 {[%clk 0:00:38]} 35. hxg5
{[%clk 0:14:09]} Rg8 {[%clk 0:00:38]} 36. Rh3 {[%clk 0:03:55]} Rxg5
{[%clk 0:00:41]} 37. Rh7+ {[%clk 0:04:21]} Nf7 {[%clk 0:00:52]} 38. Rf2
{[%clk 0:02:43]} Rxg4+ {[%clk 0:00:34]} 39. Kh3 {[%clk 0:03:12]} Rg1
{[%clk 0:00:32]} 40. Rxf7+ {[%clk 0:03:21]} Kxf7 {[%clk 0:00:38]} 41. Ne2+
{[%clk 0:03:50]} Ke7 {[%clk 0:00:45]} 42. Nxg1 {[%clk 0:04:15]} d5
{[%clk 0:00:32]} 43. exd5 {[%clk 0:04:06]} exd5 {[%clk 0:00:59]} 44. Re2+
{[%clk 0:04:25]} Kf6 {[%clk 0:01:07]} 45. cxd5 {[%clk 0:04:47]} Rc3+
{[%clk 0:01:06]} 46. Kg4 {[%clk 0:04:37]} Rd3 {[%clk 0:01:30]} 47. Re6+
{[%clk 0:04:44]} Kf7 {[%clk 0:01:56]} 48. Rb6 {[%clk 0:05:05]} 1-0